Quick Pick: Disneyland Attractions Quiz Stats

 Plays Quiz Updated Jul 12, 2018

Score 0/17 Timer 01:30
0 Plays Today
% Correct
Pirates of the Caribbean
82.6%
It's a Small World
81.2%
Mr. Toad's Wild Ride
75.2%
Jungle Cruise
74.5%
Finding Nemo Submarine Voyage
69.7%
Matterhorn Bobsleds
68.8%
Buzz Lightyear Astro Blasters
68.1%
Alice in Wonderland
67.1%
Indiana Jones Adventure
66.3%
% Correct
Roger Rabbit's Car Toon Spin
61.9%
Pinocchio's Daring Journey
58.9%
King Arthur Carrousel
55.1%
Storybook Land Canal Boats
54.4%
Great Moments with Mr. Lincoln
50.8%
Autopia
49.8%
Casey Jr. Circus Train
48.3%
Gadget's Go Coaster
41%

Today's Daily Dose

You're not logged in!

Compare scores with friends on all Sporcle quizzes.
OR
Log In

Sporcle TV

Today on Sporcle TV


Watch our educational content, quiz creation guides, and fun videos on Sporcle TV.

Show Comments

Extras

Top Quizzes Today


Score Distribution

Your Account Isn't Verified!

In order to create a playlist on Sporcle, you need to verify the email address you used during registration. Go to your Sporcle Settings to finish the process.

Report this User

Report this user for behavior that violates our Community Guidelines.

Details: